[Event "FIDE Chesscom Grand Swiss 2019"]
[Site "Douglas-Isle of Man"]
[Date "2019.10.13"]
[Round "4.24"]
[White "Movsziszian, Karen"]
[Black "Jumabayev, Rinat"]
[Result "0-1"]
[WhiteElo "2475"]
[BlackElo "2630"]
[Annotator "RC"]
[PlyCount "160"]
[EventDate "2019.10.10"]
[EventType "swiss"]
[EventCountry "GBR"]
[SourceTitle "playchess.com"]
[Source "ChessBase"]
[SourceQuality "1"]
[TimeControl "40/6000+30:20/3000+30:900+30"]

1. g3 {[%emt 0:00:00]} d5 {[%emt 0:00:00]} 2. Bg2 {[%emt 0:02:02]} e5 {[%emt 0:00:00]} 3. d3 {[%emt 0:00:05]} Bd6 {[%emt 0:09:00]} 4. e4 {[%emt 0:08:58]} d4 {[%emt 0:00:18]} 5. Nd2 {[%emt 0:04:19]} h5 {[%emt 0:15:01]} 6. Ngf3 {[%emt 0:06:46]} Bg4 {[%emt 0:07:54]} 7. c3 {[%emt 0:04:45]} c5 {[%emt 0:04:54]} 8. Qb3 {[%emt 0:02:07]} Bc8 {[%emt 0:07:22]} 9. Nc4 {[%emt 0:07:46]} Nc6 {[%emt 0:00:31]} 10. cxd4 {[%emt 0:06:22]} cxd4 {[%emt 0:00:10]} 11. Nxd6+ {[%emt 0:03:20]} Qxd6 {[%emt 0:00:41]} 12. O-O {[%emt 0:00:03]} Nf6 {[%emt 0:04:40]} 13. Ng5 {[%emt 0:02:02]} Qe7 {[%emt 0:02:53]} 14. h3 {[%emt 0:06:02]} Nd7 {[%emt 0:10:59]} 15. f4 {[%emt 0:00:28]} Nc5 {[%emt 0:02:57]} 16. Qa3 {[%emt 0:03:40]} Ne6 {[%emt 0:05:43]} 17. Nxe6 {[%emt 0:04:26]} Bxe6 {[%emt 0:00:22]} 18. Qxe7+ {[%emt 0:00:26]} Kxe7 {[%emt 0:00:05]} 19. f5 {[%emt 0:00:05]} Bd7 {[%emt 0:00:23]} 20. Bd2 {[%emt 0:00:02]} a5 {[%emt 0:00:30]} 21. a3 {[%emt 0:01:21]} a4 {[%emt 0:02:12]} 22. Rac1 {[%emt 0:02:40]} Ra6 {[%emt 0:01:34]} 23. Rf2 {[%emt 0:02:46]} Rb6 {[%emt 0:03:12]} 24. Bf1 {[%emt 0:03:16]} f6 {[%emt 0:01:58]} 25. Be1 {[%emt 0:03:00]} Be8 {[%emt 0:16:17]} 26. Rfc2 {[%emt 0:02:41]} Bf7 {[%emt 0:03:05]} 27. Be2 {[%emt 0:01:04]} Rb3 {[%emt 0:05:44]} 28. Rd2 {[%emt 0:05:57]} Rb5 {[%emt 0:00:10]} 29. Bd1 {[%emt 0:00:11]} Bb3 {[%emt 0:00:11]} 30. Bf3 {[%emt 0:01:30]} Kf7 {[%emt 0:00:49]} 31. Rg2 {[%emt 0:01:35]} Ke7 {[%emt 0:01:57]} 32. Kf1 {[%emt 0:01:26]} Kd7 {[%emt 0:00:40]} 33. h4 {[%emt 0:03:07]} Bf7 {[%emt 0:02:08]} 34. Bd1 {[%emt 0:00:21]} Bb3 {[%emt 0:00:09]} 35. Bf3 {[%emt 0:00:13]} Ke7 {[%emt 0:00:28]} 36. Kg1 {[%emt 0:01:18]} Bf7 {[%emt 0:00:41]} 37. Bd1 {[%emt 0:01:00]} Bb3 {[%emt 0:00:47]} 38. Bf3 {[%emt 0:00:02]} Rh7 {[%emt 0:01:06]} 39. Kf1 {[%emt 0:02:08]} Kd6 {[%emt 0:00:09]} 40. Kg1 {[%emt 0:04:36]} Kd7 {[%emt 0:01:27]} 41. Kf1 {[%emt 0:52:12]} b6 {[%emt 0:07:38]} 42. Bd2 {[%emt 0:00:00]} Kd6 {[%emt 0:04:22]} 43. Rf2 {[%emt 0:00:00]} Rh8 {[%emt 0:04:04]} 44. Be1 {[%emt 0:00:00]} Rc5 {[%emt 0:10:43]} 45. Bd2 {[%emt 0:00:00]} Rxc1+ {[%emt 0:09:42]} 46. Bxc1 {[%emt 0:00:00]} Nb8 {[%emt 0:00:04]} 47. Bd2 {[%emt 0:00:00]} Na6 {[%emt 0:00:12]} 48. Be1 {[%emt 0:00:00]} Kd7 {[%emt 0:01:44]} 49. Rd2 {[%emt 0:03:37]} Nc5 {[%emt 0:01:40]} 50. Be2 {[%emt 0:00:16]} Kc6 {[%emt 0:09:09]} 51. Kg2 {[%emt 0:00:07]} Kb7 {[%emt 0:02:51]} 52. Bf1 {[%emt 0:02:06]} Ba2 {[%emt 0:02:52]} 53. Be2 {[%emt 0:02:50]} Bb1 {[%emt 0:01:35]} 54. Rd1 {[%emt 0:00:20]} Bc2 {[%emt 0:00:01]} 55. Rd2 {[%emt 0:00:06]} Bb3 {[%emt 0:00:02]} 56. Kg1 {[%emt 0:00:27]} b5 {[%emt 0:01:29]} 57. Bf1 {[%emt 0:00:56]} Rc8 {[%emt 0:00:25]} 58. Be2 {[%emt 0:00:37]} Rh8 {[%emt 0:00:03]} 59. Kg2 {[%emt 0:01:10]} Kb6 {[%emt 0:00:18]} 60. Bf1 {[%emt 0:00:42]} Na6 {[%emt 0:00:41]} 61. Be2 {[%emt 0:22:39]} b4 {[%emt 0:15:18]} 62. Bf3 {[%emt 0:03:05]} Rc8 {[%emt 0:00:00]} 63. Bxh5 {[%emt 0:00:00]} Rc1 {[%emt 0:00:00]} 64. Kf2 {[%emt 0:00:00]} bxa3 {[%emt 0:00:00]} 65. bxa3 {[%emt 0:00:00]} Ra1 {[%emt 0:00:00]} 66. Be8 {[%emt 0:00:00]} Rxa3 {[%emt 0:00:00]} 67. Rb2 {[%emt 0:00:00]} Nc5 {[%emt 0:00:04]} 68. Ke2 {[%emt 0:00:00]} Ra1 {[%emt 0:00:11]} 69. Bb4 {[%emt 0:00:00]} Rg1 {[%emt 0:02:18]} 70. Bxc5+ {[%emt 0:02:07]} Kxc5 {[%emt 0:00:05]} 71. Kf2 {[%emt 0:00:07]} Rh1 {[%emt 0:00:25]} 72. Kg2 {[%emt 0:00:17]} Rd1 {[%emt 0:00:32]} 73. Bxa4 {[%emt 0:02:04]} Bxa4 {[%emt 0:00:05]} 74. Rb7 {[%emt 0:00:05]} Rxd3 {[%emt 0:00:17]} 75. Rxg7 {[%emt 0:00:03]} Bc6 {[%emt 0:00:33]} 76. g4 {[%emt 0:01:00]} Bxe4+ {[%emt 0:00:45]} 77. Kh2 {[%emt 0:00:19]} Rd2+ {[%emt 0:00:39]} 78. Kg3 {[%emt 0:00:11]} d3 {[%emt 0:00:15]} 79. h5 {[%emt 0:00:23]} Rg2+ {[%emt 0:00:11]} 80. Kh3 {[%emt 0:00:01]} d2 {[%emt 0:00:34]} 0-1

[Event "FIDE Chesscom Grand Swiss 2019"]
[Site "Douglas-Isle of Man"]
[Date "2019.10.13"]
[Round "4.25"]
[White "Najer, Evgeniy"]
[Black "Robson, Ray"]
[Result "1/2-1/2"]
[WhiteElo "2635"]
[BlackElo "2670"]
[Annotator "TA"]
[PlyCount "49"]
[EventDate "2019.10.10"]
[EventType "swiss"]
[EventCountry "GBR"]
[SourceTitle "playchess.com"]
[Source "ChessBase"]
[SourceQuality "1"]

{[%evp 13,49,30,14,25,16,30,20,2,12,0,18,10,47,46,41,34,32,42,37,0,0,0,0,-6,-8,-17,7,-31,0,0,0,0,0,0,0,0,0,0]} 1. d4 d5 2. c4 c6 3. Nf3 Nf6 4. e3 Bg4 5. h3 Bh5 6. Nc3 e6 7. g4 Bg6 8. Ne5 {D11: Slav Defence: 3 Nf3 sidelines and 3...Nf6 4 e3 Bg4} Nbd7 {[%cal Bb8d7,Bd7f8,Bf8e6][%mdl 32]} 9. Nxg6 hxg6 10. Bd2 Bb4 11. cxd5 exd5 12. f3 $146 ({Predecessor:} 12. Bd3 Qe7 13. Qb3 O-O-O 14. O-O-O Kb8 15. Kb1 Bxc3 16. Bxc3 {½-½ (58) Kovalyov,A (2622)-Adams,M (2740) Tromsoe 2014}) 12... Nf8 13. Qb3 Qe7 14. O-O-O Ne6 15. Kb1 O-O-O 16. a3 Bd6 17. Na2 {[%cal Bc3a2,Ba2b4,Bb4d3][%mdl 32]} Kb8 18. Nb4 {[#] Hoping for Nxc6+.} Ka8 19. Bg2 Nd7 20. Nd3 Nb6 21. Ba5 {The position is equal.} Bc7 22. Bb4 Bd6 23. Ba5 Bc7 24. Bb4 Bd6 25. Ba5 {Accuracy: White = 65%, Black = 58%.} 1/2-1/2

[Event "FIDE Chesscom Grand Swiss 2019"]
[Site "Douglas-Isle of Man"]
[Date "2019.10.13"]
[Round "4.25"]
[White "Alekseev, Evgeny"]
[Black "Erenberg, Ariel"]
[Result "1/2-1/2"]
[WhiteElo "2629"]
[BlackElo "2463"]
[Annotator "RC"]
[PlyCount "68"]
[EventDate "2019.10.10"]
[EventType "swiss"]
[EventCountry "GBR"]
[SourceTitle "playchess.com"]
[Source "ChessBase"]
[SourceQuality "1"]
[TimeControl "40/6000+30:20/3000+30:900+30"]

1. Nf3 {[%emt 0:03:52]} Nf6 {[%emt 0:00:00]} 2. c4 {[%emt 0:00:37]} e6 {[%emt 0:00:11]} 3. Nc3 {[%emt 0:00:46]} d5 {[%emt 0:00:12]} 4. e3 {[%emt 0:00:18]} c5 {[%emt 0:00:20]} 5. cxd5 {[%emt 0:02:40]} exd5 {[%emt 0:00:08]} 6. d4 {[%emt 0:00:45]} Nc6 {[%emt 0:01:04]} 7. Bb5 {[%emt 0:05:47]} cxd4 {[%emt 0:01:22]} 8. Nxd4 {[%emt 0:01:07]} Bd7 {[%emt 0:00:07]} 9. O-O {[%emt 0:07:30]} Bd6 {[%emt 0:00:27]} 10. Nf3 {[%emt 0:02:31]} Bg4 {[%emt 0:01:07]} 11. h3 {[%emt 0:15:14]} Bh5 {[%emt 0:00:16]} 12. Be2 {[%emt 0:01:01]} O-O {[%emt 0:00:32]} 13. b3 {[%emt 0:01:33]} a6 {[%emt 0:28:16]} 14. Bb2 {[%emt 0:05:24]} Re8 {[%emt 0:03:35]} 15. Rc1 {[%emt 0:28:28]} Bc7 {[%emt 0:16:52]} 16. Ba3 {[%emt 0:03:20]} Rc8 {[%emt 0:07:08]} 17. Nd4 {[%emt 0:03:30]} Nxd4 {[%emt 0:07:04]} 18. Bxh5 {[%emt 0:00:57]} Ne6 {[%emt 0:12:49]} 19. Bg4 {[%emt 0:01:43]} Nxg4 {[%emt 0:08:32]} 20. Qxg4 {[%emt 0:00:48]} Be5 {[%emt 0:01:27]} 21. Na4 {[%emt 0:04:51]} Rxc1 {[%emt 0:02:33]} 22. Rxc1 {[%emt 0:01:23]} d4 {[%emt 0:00:25]} 23. Rd1 {[%emt 0:03:39]} Qa5 {[%emt 0:03:40]} 24. Qe4 {[%emt 0:03:36]} dxe3 {[%emt 0:07:17]} 25. Qxe3 {[%emt 0:00:34]} h5 {[%emt 0:01:46]} 26. Qb6 {[%emt 0:04:24]} Qb5 {[%emt 0:00:22]} 27. Qxb5 {[%emt 0:04:19]} axb5 {[%emt 0:00:01]} 28. Nc5 {[%emt 0:01:37]} Ra8 {[%emt 0:01:21]} 29. Nxe6 {[%emt 0:00:34]} fxe6 {[%emt 0:00:23]} 30. Bc5 {[%emt 0:00:29]} Rxa2 {[%emt 0:00:14]} 31. g3 {[%emt 0:00:41]} Ra1 {[%emt 0:02:43]} 32. Rxa1 {[%emt 0:00:44]} Bxa1 {[%emt 0:00:02]} 33. Kg2 {[%emt 0:00:28]} e5 {[%emt 0:02:47]} 34. Kf3 {[%emt 0:00:18]} Kf7 {[%emt 0:00:29]} 1/2-1/2

[Event "FIDE Chesscom Grand Swiss 2019"]
[Site "Douglas-Isle of Man"]
[Date "2019.10.13"]
[Round "4.26"]
[White "Kryvoruchko, Yuriy"]
[Black "Safarli, Eltaj"]
[Result "1-0"]
[WhiteElo "2669"]
[BlackElo "2593"]
[Annotator "TA"]
[PlyCount "114"]
[EventDate "2019.10.10"]
[EventType "swiss"]
[EventCountry "GBR"]
[SourceTitle "playchess.com"]
[Source "ChessBase"]
[SourceQuality "1"]

{[%evp 15,114,30,37,33,43,35,56,42,51,56,52,43,56,43,63,39,75,35,98,42,61,44,56,51,77,77,122,105,118,118,117,98,85,89,75,64,63,61,83,81,85,84,84,89,92,95,85,89,162,162,156,158,96,162,170,160,225,211,258,90,90,89,87,83,218,187,185,153,467,440,725,378,743,713,500,378,379,378,378,378,1926,1867,1865,1819,1483,1460,11119,1214,29955,29956,29969,29969,29967,29969,29966,29965,29971,29972,29971,29969,5065]} 1. e4 e5 2. Nf3 Nc6 3. Bb5 a6 4. Ba4 Nf6 5. O-O Be7 6. Re1 d6 7. c3 Bg4 8. d3 Nd7 9. h3 {C87: Closed Ruy Lopez: Steinitz-type lines after 6 Re1 d6} Bxf3 (9... Bh5 10. Bxc6 bxc6 11. d4 c5 12. Be3 Rb8 13. b3 g5 14. dxc5 dxc5 15. Nbd2 f6 16. Nf1 c4 {1-0 (36) Giri,A (2779)-Mamedyarov,S (2765) Paris 2019}) 10. Qxf3 O-O 11. Nd2 {White is slightly better.} Nc5 12. Bc2 Bg5 13. Nf1 a5 {[#]} 14. Be3 $146 ({Predecessor:} 14. Ne3 Ne6 15. g3 a4 16. Qg2 Kh8 {½-½ (24) Kryvoruchko,Y (2628)-Romanishin,O (2530) Kavala 2008}) 14... a4 15. a3 g6 16. Rad1 h5 (16... Ne6 $14) 17. Bb1 (17. d4 $16 exd4 18. cxd4) 17... Nb3 18. Ba2 Nca5 19. d4 {Black must now prevent dxe5.} exd4 20. cxd4 c6 21. Nd2 Bxe3 22. Qxe3 Nxd2 23. Rxd2 d5 24. Qd3 Re8 25. Rde2 dxe4 26. Rxe4 Rxe4 27. Rxe4 Nb3 28. Bxb3 axb3 29. Qxb3 $16 {[%mdl 4096] Endgame KQR-KQR} Qd7 30. Qb4 Rd8 31. Re7 Qxd4 (31... Qf5 $16 {is a better defense.}) 32. Qxd4 $18 ({Inferior is} 32. Rxb7 Qe5 $11) ({Not} 32. Qxb7 Qd1+ 33. Kh2 Qd6+ 34. g3 Qf6 $11) 32... Rxd4 33. Rxb7 $16 {KR-KR} Rd1+ 34. Kh2 c5 35. Kg3 c4 (35... Kg7 $16 36. Rb5 c4) 36. Kf4 Ra1 37. g4 $2 {[#]} (37. Ke4 $18 {has better winning chances.}) 37... c3 38. bxc3 Rxa3 39. Rc7 hxg4 (39... Kg7 $16) 40. hxg4 $18 Kg7 41. c4 g5+ $2 {[#]} (41... Ra6 $16 {is more resistant.} 42. Kg5 Re6) 42. Ke4 $1 Ra2 (42... Kf8 $142 43. Rc5 f6) 43. f3 Re2+ $2 (43... Ra4 44. Rc6 Kf8) 44. Kd3 Rf2 45. Ke3 Rc2 46. Rc5 f6 47. Kd3 Rc1 $2 (47... Ra2 48. Ke4 Re2+ 49. Kd3 Re7) 48. Rf5 Kf7 49. Kd4 Ke6 50. Kc5 Rd1 51. Kb5 (51. Kc6 $142 Rd6+ 52. Kb7) 51... Rd8 52. c5 {[%cal Bc4c5,Bc5c6,Bc6c7][%mdl 32] White mates.} Rf8 53. Kb6 Rb8+ 54. Kc7 Rb3 55. c6 Ke7 56. Kc8 Rb6 57. c7 Rb3 {Accuracy: White = 59%, Black = 29%.} 1-0

[Event "FIDE Chesscom Grand Swiss 2019"]
[Site "Douglas-Isle of Man"]
[Date "2019.10.13"]
[Round "4.26"]
[White "Atalik, Ekaterina"]
[Black "Bachmann, Axel"]
[Result "0-1"]
[WhiteElo "2464"]
[BlackElo "2629"]
[Annotator "RC"]
[PlyCount "38"]
[EventDate "2019.10.10"]
[EventType "swiss"]
[EventCountry "GBR"]
[SourceTitle "playchess.com"]
[Source "ChessBase"]
[SourceQuality "1"]
[TimeControl "40/6000+30:20/3000+30:900+30"]

1. d4 {[%emt 0:00:00]} g6 {[%emt 0:00:31]} 2. Nf3 {[%emt 0:00:00]} Bg7 {[%emt 0:00:07]} 3. g3 {[%emt 0:00:19]} c5 {[%emt 0:02:08]} 4. Bg2 {[%emt 0:00:46]} cxd4 {[%emt 0:00:30]} 5. Nxd4 {[%emt 0:00:14]} Nc6 {[%emt 0:00:05]} 6. Nb3 {[%emt 0:00:58]} Nf6 {[%emt 0:00:11]} 7. Nc3 {[%emt 0:01:47]} d6 {[%emt 0:01:08]} 8. O-O {[%emt 0:00:56]} O-O {[%emt 0:00:12]} 9. h3 {[%emt 0:02:06]} Rb8 {[%emt 0:07:16]} 10. e4 {[%emt 0:01:42]} b5 {[%emt 0:04:16]} 11. Be3 {[%emt 0:03:26]} a6 {[%emt 0:22:00]} 12. Re1 {[%emt 0:09:32]} Bb7 {[%emt 0:05:29]} 13. Nd5 {[%emt 0:13:01]} Nd7 {[%emt 0:02:59]} 14. Qc1 {[%emt 0:07:30]} e6 {[%emt 0:01:12]} 15. Nc3 {[%emt 0:02:45]} Nce5 {[%emt 0:08:23]} 16. Bh6 {[%emt 0:09:14]} Bxh6 {[%emt 0:19:37]} 17. Qxh6 {[%emt 0:00:05]} Qb6 {[%emt 0:00:44]} 18. Ne2 {[%emt 0:07:42]} f5 {[%emt 0:02:24]} 19. Nf4 {[%emt 0:07:44]} Nf7 {[%emt 0:00:44]} 0-1

[Event "FIDE Chesscom Grand Swiss 2019"]
[Site "Douglas-Isle of Man"]
[Date "2019.10.13"]
[Round "4.27"]
[White "Saric, Ivan"]
[Black "Sadhwani, Raunak"]
[Result "1/2-1/2"]
[WhiteElo "2667"]
[BlackElo "2479"]
[Annotator "TA"]
[PlyCount "109"]
[EventDate "2019.10.10"]
[EventType "swiss"]
[EventCountry "GBR"]
[SourceTitle "playchess.com"]
[Source "ChessBase"]
[SourceQuality "1"]

{[%evp 11,109,8,24,0,16,17,17,12,12,8,8,8,17,10,9,13,20,0,0,0,31,25,24,29,36,36,37,37,41,49,51,49,42,43,94,88,102,97,124,116,116,112,103,68,77,0,0,0,0,3,3,0,0,0,0,0,0,0,0,0,0,0,6,6,6,0,6,6,14,6,42,6,33,0,0,0,0,0,0,0,0,0,0,0,0,0,0,0,0,0,0,0,0,0,0,0,0,0,0,0]} 1. e4 c6 2. d4 d5 3. e5 Bf5 4. h4 h5 5. Bd3 Bxd3 6. Qxd3 e6 7. Bg5 {B12: Caro-Kann: Advance Variation} Be7 8. Nf3 Nh6 9. Nc3 Nf5 10. Ne2 c5 11. dxc5 $146 ({Predecessor:} 11. c3 cxd4 12. Nexd4 Nxd4 13. cxd4 {½-½ (26) Hracek,Z (2613)-Lupulescu,C (2631) Hungary 2018}) 11... Qa5+ 12. c3 Qxc5 13. Ned4 Nxd4 14. cxd4 Qa5+ 15. Ke2 Qa6 (15... Nc6 {with more complications.} 16. a3 Qb6 17. Rhc1 a5 18. Bxe7 Nxe7 19. a4 Qxb2+ 20. Kf1 Qb4) 16. Qxa6 Nxa6 17. Rac1 $36 {[%mdl 2048] White has some pressure.} Kd7 18. Bxe7 Kxe7 19. Rc3 Rac8 20. Rhc1 Rxc3 21. Rxc3 $14 {[%mdl 4096] Endgame KRN-KRN} Rd8 22. Ng5 f6 {[#]} ({Better is} 22... Rd7 $14) 23. Nh3 $1 $16 Nb8 24. exf6+ Kxf6 25. Rf3+ Ke7 26. Nf4 Nc6 27. Ke3 Kd6 $1 28. Ng6 ({Don't play} 28. Nxh5 Rh8 $11) (28. Rg3 $16) 28... Ne7 $11 29. Nxe7 Kxe7 {KR-KR} 30. Rg3 Kf6 31. Rf3+ Ke7 32. Kd2 Rc8 33. Ra3 a6 34. Rb3 Rc7 35. Rb6 Kf6 36. g3 Kf5 37. Kd3 Rd7 38. a4 Rf7 39. Ke3 Rc7 40. a5 Kf6 41. Kd3 Rd7 42. b4 Kf5 {The position is equal.} 43. f3 Rc7 44. Kd2 Rd7 45. Kd3 Rc7 46. b5 axb5 47. Rxb5 g5 48. Rc5 Rg7 49. Rc8 gxh4 50. gxh4 Kf4 51. Rh8 Kxf3 {White must now prevent ...Kg4.} 52. Rxh5 Rg3 {[#] aiming for ...Kg4+.} 53. Re5 {White threatens Re3+ and mate.} Kg4+ 54. Kc2 Kxh4 55. Rxe6 {Accuracy: White = 74%, Black = 72%.} 1/2-1/2

[Event "FIDE Chesscom Grand Swiss 2019"]
[Site "Douglas-Isle of Man"]
[Date "2019.10.13"]
[Round "4.27"]
[White "Iturrizaga Bonelli, Eduardo"]
[Black "Saduakassova, Dinara"]
[Result "0-1"]
[WhiteElo "2629"]
[BlackElo "2481"]
[Annotator "RC"]
[PlyCount "72"]
[EventDate "2019.10.10"]
[EventType "swiss"]
[EventCountry "GBR"]
[SourceTitle "playchess.com"]
[Source "ChessBase"]
[SourceQuality "1"]
[TimeControl "40/6000+30:20/3000+30:900+30"]

1. c4 {[%emt 0:07:12]} Nf6 {[%emt 0:00:00]} 2. Nc3 {[%emt 0:01:06]} e6 {[%emt 0:00:00]} 3. Nf3 {[%emt 0:00:28]} Bb4 {[%emt 0:00:00]} 4. Qc2 {[%emt 0:00:40]} O-O {[%emt 0:02:13]} 5. g3 {[%emt 0:01:09]} d6 {[%emt 0:10:20]} 6. d4 {[%emt 0:02:24]} Re8 {[%emt 0:06:03]} 7. Bg2 {[%emt 0:02:21]} e5 {[%emt 0:03:32]} 8. dxe5 {[%emt 0:07:55]} dxe5 {[%emt 0:00:10]} 9. O-O {[%emt 0:00:05]} h6 {[%emt 0:08:36]} 10. Rd1 {[%emt 0:05:47]} Qe7 {[%emt 0:01:54]} 11. Bd2 {[%emt 0:42:51]} e4 {[%emt 0:11:52]} 12. Nd4 {[%emt 0:02:15]} c5 {[%emt 0:02:03]} 13. Nb3 {[%emt 0:00:05]} Na6 {[%emt 0:09:39]} 14. Bf4 {[%emt 0:06:56]} Bxc3 {[%emt 0:00:57]} 15. Qxc3 {[%emt 0:07:34]} b6 {[%emt 0:05:09]} 16. Rd2 {[%emt 0:09:26]} Bf5 {[%emt 0:02:57]} 17. Rad1 {[%emt 0:01:47]} Nb4 {[%emt 0:05:16]} 18. a3 {[%emt 0:00:08]} Nc6 {[%emt 0:00:18]} 19. Na1 {[%emt 0:03:36]} Rad8 {[%emt 0:05:36]} 20. Nc2 {[%emt 0:02:08]} Rxd2 {[%emt 0:05:36]} 21. Rxd2 {[%emt 0:00:03]} Rd8 {[%emt 0:01:01]} 22. b4 {[%emt 0:03:29]} Rxd2 {[%emt 0:02:46]} 23. Bxd2 {[%emt 0:00:26]} Bg4 {[%emt 0:01:54]} 24. Bf1 {[%emt 0:01:28]} Qe5 {[%emt 0:03:25]} 25. b5 {[%emt 0:00:39]} Nd4 {[%emt 0:02:18]} 26. Nxd4 {[%emt 0:00:13]} cxd4 {[%emt 0:00:04]} 27. Qb2 {[%emt 0:00:47]} Qc5 {[%emt 0:01:29]} 28. Qb4 {[%emt 0:00:32]} Nd7 {[%emt 0:00:53]} 29. Bg2 {[%emt 0:00:28]} Bxe2 {[%emt 0:00:53]} 30. Bxe4 {[%emt 0:00:14]} Qxb4 {[%emt 0:02:57]} 31. axb4 {[%emt 0:00:06]} Bxc4 {[%emt 0:00:25]} 32. Bc6 {[%emt 0:00:05]} Ne5 {[%emt 0:02:40]} 33. f4 {[%emt 0:00:02]} Ng4 {[%emt 0:01:12]} 34. Kg2 {[%emt 0:01:18]} Ne3+ {[%emt 0:03:09]} 35. Kf3 {[%emt 0:00:21]} Nf1 {[%emt 0:00:17]} 36. Bc1 {[%emt 0:00:44]} d3 {[%emt 0:00:23]} 0-1

[Event "FIDE Chesscom Grand Swiss 2019"]
[Site "Douglas-Isle of Man"]
[Date "2019.10.13"]
[Round "4.28"]
[White "Lei, Tingjie"]
[Black "Esipenko, Andrey"]
[Result "1/2-1/2"]
[WhiteElo "2469"]
[BlackElo "2624"]
[Annotator "RC"]
[PlyCount "93"]
[EventDate "2019.10.10"]
[EventType "swiss"]
[EventCountry "GBR"]
[SourceTitle "playchess.com"]
[Source "ChessBase"]
[SourceQuality "1"]
[TimeControl "40/6000+30:20/3000+30:900+30"]

1. e4 {[%emt 0:00:00]} e5 {[%emt 0:00:00]} 2. Nf3 {[%emt 0:00:00]} Nc6 {[%emt 0:00:00]} 3. Bc4 {[%emt 0:00:07]} Bc5 {[%emt 0:00:30]} 4. O-O {[%emt 0:01:16]} Nf6 {[%emt 0:00:23]} 5. d3 {[%emt 0:00:07]} d6 {[%emt 0:00:26]} 6. c3 {[%emt 0:00:41]} O-O {[%emt 0:00:20]} 7. h3 {[%emt 0:02:54]} h6 {[%emt 0:01:20]} 8. Re1 {[%emt 0:00:21]} a5 {[%emt 0:01:29]} 9. Nbd2 {[%emt 0:01:09]} Be6 {[%emt 0:00:24]} 10. Bb5 {[%emt 0:02:50]} Qb8 {[%emt 0:00:25]} 11. Nf1 {[%emt 0:00:35]} Qa7 {[%emt 0:00:12]} 12. Qe2 {[%emt 0:01:09]} a4 {[%emt 0:21:34]} 13. Bxc6 {[%emt 0:20:48]} bxc6 {[%emt 0:00:06]} 14. Ng3 {[%emt 0:00:12]} Qb8 {[%emt 0:29:26]} 15. Nh4 {[%emt 0:11:13]} Qd8 {[%emt 0:00:50]} 16. Nhf5 {[%emt 0:01:12]} Bb6 {[%emt 0:02:36]} 17. Kh2 {[%emt 0:12:41]} Kh7 {[%emt 0:06:00]} 18. d4 {[%emt 0:15:00]} Ng8 {[%emt 0:06:22]} 19. Rd1 {[%emt 0:13:53]} Qe8 {[%emt 0:04:33]} 20. Ne3 {[%emt 0:09:22]} f6 {[%emt 0:01:36]} 21. Qc2 {[%emt 0:05:47]} Kh8 {[%emt 0:05:17]} 22. d5 {[%emt 0:01:08]} cxd5 {[%emt 0:00:45]} 23. Nxd5 {[%emt 0:00:05]} Bxd5 {[%emt 0:00:40]} 24. Rxd5 {[%emt 0:00:06]} Ne7 {[%emt 0:00:30]} 25. Rd1 {[%emt 0:00:15]} Bc5 {[%emt 0:04:59]} 26. Rb1 {[%emt 0:03:13]} c6 {[%emt 0:01:16]} 27. Qe2 {[%emt 0:00:56]} d5 {[%emt 0:02:55]} 28. b4 {[%emt 0:00:08]} axb3 {[%emt 0:00:28]} 29. axb3 {[%emt 0:00:03]} f5 {[%emt 0:01:57]} 30. exf5 {[%emt 0:04:02]} Nxf5 {[%emt 0:00:25]} 31. Nxf5 {[%emt 0:00:07]} Rxf5 {[%emt 0:00:03]} 32. Be3 {[%emt 0:00:26]} Qf8 {[%emt 0:05:04]} 33. Bxc5 {[%emt 0:01:50]} Qxc5 {[%emt 0:00:05]} 34. f3 {[%emt 0:00:42]} Qxc3 {[%emt 0:02:27]} 35. Rdc1 {[%emt 0:00:16]} Qd4 {[%emt 0:00:24]} 36. Rxc6 {[%emt 0:00:14]} e4 {[%emt 0:00:54]} 37. fxe4 {[%emt 0:01:23]} Qe5+ {[%emt 0:01:43]} 38. Kg1 {[%emt 0:01:12]} dxe4 {[%emt 0:00:54]} 39. Re1 {[%emt 0:00:06]} Ra1 {[%emt 0:01:05]} 40. Rc8+ {[%emt 0:01:13]} Kh7 {[%emt 0:00:08]} 41. Rxa1 {[%emt 0:14:01]} Qxa1+ {[%emt 0:00:17]} 42. Kh2 {[%emt 0:00:01]} Qe5+ {[%emt 0:01:43]} 43. Kg1 {[%emt 0:03:28]} Qd4+ {[%emt 0:06:16]} 44. Kh1 {[%emt 0:12:12]} Qa1+ {[%emt 0:10:44]} 45. Kh2 {[%emt 0:00:06]} Qe5+ {[%emt 0:00:06]} 46. Kg1 {[%emt 0:00:08]} Qd4+ {[%emt 0:12:43]} 47. Kh1 {[%emt 0:00:07]} 1/2-1/2

[Event "FIDE Chesscom Grand Swiss 2019"]
[Site "Douglas-Isle of Man"]
[Date "2019.10.13"]
[Round "4.28"]
[White "Munguntuul, Batkhuyag"]
[Black "Shirov, Alexei"]
[Result "0-1"]
[WhiteElo "2421"]
[BlackElo "2664"]
[Annotator "TA"]
[PlyCount "68"]
[EventDate "2019.10.10"]
[EventType "swiss"]
[EventCountry "GBR"]
[SourceTitle "playchess.com"]
[Source "ChessBase"]
[SourceQuality "1"]

{[%evp 15,68,0,0,0,3,8,15,21,11,0,10,0,20,21,19,8,34,-21,0,-8,-4,-39,-41,-34,-31,-53,-36,-39,-42,-35,-34,-122,-17,-11,-22,-61,-56,-72,-57,-135,-118,-112,-89,-405,-407,-400,-400,-636,-602,-1159,-872,-29990,-29991,-29994,-29995]} 1. e4 c5 2. Nf3 d6 3. d4 cxd4 4. Nxd4 Nf6 5. Nc3 a6 6. Be2 e5 7. Nf3 Be7 8. Bg5 Nbd7 9. a4 {B92: Sicilian Najdorf: 6 Be2} h6 10. Be3 Ng4 11. Bc1 {The position is equal.} Ngf6 12. Be3 Ng4 13. Bc1 O-O 14. Nd2 Ngf6 $1 15. Nc4 Nc5 16. Bf3 {[#]} (16. f3 $14) 16... b5 $146 ({Predecessor:} 16... Be6) 17. axb5 Be6 18. Nd2 axb5 {[%mdl 64] Discovered Attack} 19. Rxa8 Qxa8 20. Nxb5 Ncxe4 21. O-O Qb8 $36 {[%mdl 2048] Strongly threatening ...Nxd2. Black is pushing.} 22. Nxe4 Nxe4 23. Qe2 (23. Bxe4 $15 Qxb5 24. c3) 23... d5 (23... Nf6 $1 $17 {aiming for ...e4!} 24. h3 Rc8) 24. Bxe4 $11 dxe4 25. c4 f5 26. Rd1 Qb7 27. b3 {[#]} ({White should try} 27. h3 $15) 27... f4 $1 $17 28. Bb2 f3 29. gxf3 $2 {[%mdl 8192]} (29. Qe1 $17) 29... Rxf3 $19 30. Bxe5 {[#] next Nd4 is good for White.} Bg4 $1 31. Re1 {[#]} (31. Nd4 $142 Rg3+ {[%mdl 64] Discovered Attack} 32. hxg3 Bxe2 33. Nxe2) 31... e3 $1 {[%mdl 512]} 32. Bd4 (32. fxe3 Bh4) 32... Bb4 33. fxe3 Bxe1 34. Qxe1 Bh3 {Accuracy: White = 28%, Black = 62%.} 0-1